000 00494nam a22001697a 4500
005 20240816073816.0
008 240816b |||||||| |||| 00| 0 eng d
020 _a0406050945
041 _aEnglish
082 _a349 ALL
100 _lEnglish
245 _aThe All England Law Reports: Annual Review 1995
260 _aLondon:
_bButterworth and Company Ltd,
_c1996
300 _bxiii, 606 pages;
_c25 cm.
650 _aLegal practice
_bLaw
942 _cBK
_6ALISON_BN_VRIES
999 _c2593
_d2593